Renewal energy (Record no. 75644)

MARC details
000 -LEADER
fixed length control field 00597cab a2200181 4500
001 - CONTROL NUMBER
control field L130480
008 - FIXED-LENGTH DATA ELEMENTS--GENERAL INFORMATION
fixed length control field 050803n2005 000 0 eng u
035 ## - SYSTEM CONTROL NUMBER
System control number (Sirsi) u130480
041 ## - LANGUAGE CODE
Language code of text/sound track or separate title eng
100 ## - MAIN ENTRY--PERSONAL NAME
Personal name Pearman, Ross
245 ## - TITLE STATEMENT
Title Renewal energy
260 ## - PUBLICATION, DISTRIBUTION, ETC.
Date of publication, distribution, etc. 2005
490 ## - SERIES STATEMENT
Series statement Contract Journal
Volume/sequential designation 429(6535) 27 July 2005, 18-19(2)
520 ## - SUMMARY, ETC.
Summary, etc. Discusses whether rail contractors are satisfying the requirements of Network Rail and asks whether rail renewals will follow maintenance in-house.
590 ## - LOCAL NOTE (RLIN)
Local note IKA160805
690 ## - LOCAL SUBJECT ADDED ENTRY--TOPICAL TERM (OCLC, RLIN)
Topical term or geographic name as entry element PROPERTY-INFRASTRUCTURE-RAIL INFRASTRUCTURE
942 ## - ADDED ENTRY ELEMENTS (KOHA)
Suppress in OPAC 0
Holdings
Withdrawn status Lost status Source of classification or shelving scheme Damaged status Not for loan Home library Current library Shelving location Date acquired Total Checkouts Full call number Barcode Date last seen Copy number Price effective from Koha item type
    Dewey Decimal Classification     London London Journal article 03/08/2005   L130480 130480-1001 06/08/2019 1 06/08/2019 Journal article